Score 0/20 Timer 07:00
0 Plays Today
Country City % Correct
Country #3Canada
94%
Country #1Russia
92.8%
Country #2London
92.3%
Country #3Toronto
92.4%
Country #1Moscow
91.5%
Country #2United Kingdom
88.3%
Country #3Vancouver
88.1%
Country #4Mexico
84.4%
Country #4Cancun
83.7%
Country #3Winnipeg
80.3%
Country City % Correct
Country #2Leeds
78.2%
Country #3Montreal
73.5%
Country #2Manchester
69%
Country #1St. Petersburg
68.1%
Country #2Liverpool
67.6%
Country #4Guadalajara
64.7%
Country #4Tijuana
62.4%
Country #1Omsk
53.3%
Country #4Monterrey
49%
Country #1Volgograd
29.5%
Remove Ads.
Support Sporcle.
Get the best of Sporcle when you Go Orange. This ad-free experience offers more features, more stats, and more fun while also helping to support Sporcle. Thank you for becoming a member.

You're not logged in!

Compare scores with friends on all Sporcle quizzes.
OR
Log In

Show Comments

Extras

Top Quizzes Today


Score Distribution

Your Account Isn't Verified!

In order to create a playlist on Sporcle, you need to verify the email address you used during registration. Go to your Sporcle Settings to finish the process.

Report this User

Report this user for behavior that violates our Community Guidelines.

Details: